01137cam a2200301 a 45000010009000000050017000090080041000260100017000670200025000840200022001090350024001310350021001550410008001760820016001841000019002002450038002192500009002572600048002663000021003145000057003355040066003926500050004588560059005089060045005679420007006129990017006199520199006361528444720250401162909.0080501s2008 enk b 001 0 eng  a 2008019748 a9781844074969 (pbk.) a184407496X (pbk.) a(OCoLC)ocn227000213 a(OCoLC)227000213 aeng00a338.927 DRE1 aDresner, Simon14aThe principles of Sustainability  a2nd  aLondon ;aSterling, VA :bEarthscan,c2008. a205 p. ;c24 cm. aRev. ed. of: The principles of sustainability. 2002. aIncludes bibliographical references (p. [191]-196) and index. 0aSustainable Development; Economic Development41uhttp://www.loc.gov/catdir/toc/ecip0817/2008019748.html a7bcbccorignewd1eecipf20gy-gencatlg cBK c43509d43509 00102ddc4070aIMTNbIMTNcRack 13-Ad2025-03-26eRaghav Books Private Limitedg3115.29i2374l0o338.927 DREp33791r2025-04-01 00:00:00t33w2025-02-14yBKzDr. Mantha Raghu (Head Librarian)